000 00716nam a2200217Ii 4500
003 JO-AjNU
008 230606s9999||||xx |||||||||||||| ||und||
017 _a2002/11/2801
040 _aJO-AjNU
_beng
_erda
_cJO-AjNU
041 _aeng
050 1 4 _aPJ8064.5.E5.A58 2002
100 3 _a Chosen By A Supervising Committee ؛Translated by Al-Qudah,Odeh ؛ Revised by Hania Al-Abid,
_eauthor
_93639
245 0 3 _aAn Anthology Of Modern Jordanian Verse
250 _a1 ed
264 3 1 _aAmman: The Supervising Committee, 2002
300 _a205P
336 _atext
_btxt
_2rdacontent
337 _aunmediated
_bn
_2rdamedia
338 _avolume
_bnc
_2rdacarrier
650 4 _aArabic Poetry - Modern Age - Jordan
_93640
999 _aE1898
_c1898
_d1898